000 00663nam a22002177a 4500
005 20170124110108.0
010 _aB-011508
020 _c00.00
_a0195651855
035 _aB-011508
037 _bCen Lib/Ret
040 _aDPL
_bEN
082 _a921
_bCOR
100 _aCorbett, Jim
_928521
245 _aJungle lore /
_cby Jim Corbett
260 _aNew Delhi
_bOxford University Press
_c1999
270 _aYMCA Library Building, Jai Singh Road
_bNew Delhi
_e110001
300 _axiii,168p. :
_c22cm(Hb)
650 _aNatural history museums
_971829
650 _aNatural history--Societies, etc
_971830
942 _2ddc
_cEN
_h921
_mCOR
999 _c130182
_d130182